| 000 | 00511nam a2200193Ia 4500 | ||
|---|---|---|---|
| 003 | OSt | ||
| 005 | 20230529161416.0 | ||
| 008 | 210423s1984 xx 000 0 und d | ||
| 040 | _cAL | ||
| 082 |
_a340 _223 _bGOVM |
||
| 245 | _aMysore silk worm seed and cocoon act 1959 | ||
| 260 |
_aMysore _bGovernment Of Mysore _c1984 |
||
| 300 | _bPB | ||
| 365 | _cINR | ||
| 650 |
_aLaw _9116078 |
||
| 650 |
_aSocial Sciences _9116079 |
||
| 906 | _a1959 ; act ; cocoon ; Mysore ; seed ; silk ; worm | ||
| 942 |
_2ddc _cBK |
||
| 999 |
_c174445 _d174445 |
||